01434nam a2200265 a 4500001001000000005001700010008004100027041000800068044000700076050002300083245005800106260002600164300002400190500001800214500003200232500000900264500005500273500003500328500015600363500011000519505036200629506009200991650004601083650003901129BRCA_866520190320210349.0021216s1799----it-#######---#000-0#lat-# alat ait 4aBV169b.S23c177-?10aSabbato ante dominicas primas adventus ad magnificat. a[s.l.]b[s.i.]c177-? aT.V, cxij p.c64 cm aFondo antiguo aSe encuentra en Caja Fuerte aW-24 aLibro de coro con letras capitulares en tinta roja aContiene pentagramas musicales aNota de encuadernación: Madera sobre piel, con aplicaciones de oro en las esquinas una de ellas esta incompleta, bronches de piel con herrajes de oro aEstado físico: Algunas de las páginas del documento se encuentran reparadas con una pequeña costura0 aLibro quinto que contiene las antifonias de las ferias, Dominicas de adviento y quaresma y Dominicas infraoctavas, hasta la feria quinta en cena domini, también contiene todos los maytines de navidad seguidos con las antifonias de Laudes de la vigilia.-- Las visperas de San Esteban Pronto martir.-- Las de San Juan Apostol.-- Las de los santos inocentes.0 aFondo reservado: para su consulta es necesario credencial de usuario y carta de motivos14aIglesia católicaeLiturgiavManuscritos14aLibros de coroeIglesia católica